00939nam a2200133 4500008001000000020001500010082001500025100003100040245009300071260008400164300003000248505048000278650004700758708 IN59t a9758017252 a708bIN59t aHearne, Leeta (edición)  aIn tribute to David Boxer:bTwenty years at The National Gallery of Jamaica 1975 - 1995  aJamaica bInstitute of Jamaica PublicationsbNational Gallery of Jamaica c1995 a40 p.bil.c28 x 21,5 cm  tIntroduction rAaron Matalon tA tribute to David Boxer rSusan Alexander tFiction, personality and property: a jamaican colonial representation in miniature rRosalie Smith-McCrea tIntuitive lessons: on naming the primitive rPetrine Archer-Straw tThe search for the patron: an overview of the cuban and jamaican arenas rIrina Leyva González, Lorraine Morgan, Nicholas Morris tA concise guide to publications of jamaican art rVeerle Poupeye-RammelaeretBibliography  xJamaicaxBoxer, Davidxarte - biografía